| 000 | 00698nam a2200217 i 4500 | ||
|---|---|---|---|
| 001 | 35913 | ||
| 003 | ES-MaACL | ||
| 005 | 20230906155237.0 | ||
| 007 | t| | ||
| 008 | 030214s1968 sp ||||1| spa d | ||
| 080 | _a84-312.1"19" | ||
| 100 | 1 |
_aBourbon Busset, Jacques. _930947 |
|
| 245 | 1 | 0 |
_aConfidencias incomunicables / _cJacques Bourbon Busset ; [traducción por Juan Bris Montes]. |
| 260 |
_aMadrid : _bMagisterio Español, _c[1968] |
||
| 300 |
_a169 p. : _bil. ; _c18 cm. |
||
| 490 | 1 |
_aNovelas y cuentos. Literatura ; _v21 |
|
| 700 | 1 |
_aBris Montes, Juan. _9173038 |
|
| 830 | 1 |
_aNovelas y cuentos. Literatura ; _v21 _9229555 |
|
| 852 |
_aES-MaACL _jC-34808 |
||
| 999 |
_c35913 _d35913 |
||